000 00668nam a2200217Ii 4500
003 JO-AjNU
008 230605s9999||||xx |||||||||||||| ||und||
017 _a2009/3/1105
020 _a978-9957-02-356-0
040 _aJO-AjNU
_bara
_erda
_cJO-AjNU
041 _aara
050 1 4 _aTP370 2010
100 3 _aالمساعد، علي كامل ,
_eauthor
_950385
245 0 0 _aصناعة الخل والمخللات
264 3 1 _aعمان: دار مجدلاوي للنشر، 2010
300 _a72ص
336 _atext
_btxt
_2rdacontent
337 _aunmediated
_bn
_2rdamedia
338 _avolume
_bnc
_2rdacarrier
650 4 _aالتصنيع الغذائي
_950386
999 _aA22192
_c25760
_d25760